Logo talks II / (Record no. 25670)
[ view plain ]
| 000 -LEADER | |
|---|---|
| fixed length control field | 01117cam a22003375i 4500 |
| 001 - CONTROL NUMBER | |
| control field | 016462448 |
| 003 - CONTROL NUMBER IDENTIFIER | |
| control field | EG-ScBUE |
| 005 - DATE AND TIME OF LATEST TRANSACTION | |
| control field | 20230104125128.0 |
| 006 - FIXED-LENGTH DATA ELEMENTS--ADDITIONAL MATERIAL CHARACTERISTICS--GENERAL INFORMATION | |
| fixed length control field | m||||fq||h 00| 0 |
| 008 - FIXED-LENGTH DATA ELEMENTS--GENERAL INFORMATION | |
| fixed length control field | 130724s2014 cc a f 000 0 eng d |
| 020 ## - INTERNATIONAL STANDARD BOOK NUMBER | |
| International Standard Book Number | 9789886824344 |
| 040 ## - CATALOGING SOURCE | |
| Original cataloging agency | StDuBDS |
| Language of cataloging | eng |
| Description conventions | rda |
| Transcribing agency | StDuBDS |
| Modifying agency | UkCU |
| -- | EG-ScBUE |
| 082 04 - DEWEY DECIMAL CLASSIFICATION NUMBER | |
| Classification number | 741.6 |
| Edition number | 22 |
| Item number | LOG |
| 245 00 - TITLE STATEMENT | |
| Title | Logo talks II / |
| Statement of responsibility, etc | chief editor Jiajia Xia. |
| 246 3# - VARYING FORM OF TITLE | |
| Title proper/short title | Logo talks 2 |
| 264 #1 - PUBLICATION, DISTRIBUTION, ETC. (IMPRINT) | |
| Place of publication, distribution, etc | Hong Kong : |
| Name of publisher, distributor, etc | Artpower International Publishing, |
| Date of publication, distribution, etc | [2014] |
| 300 ## - PHYSICAL DESCRIPTION | |
| Extent | 359 pages : |
| Other physical details | illustrations ; |
| Dimensions | 29 cm + |
| Accompanying material | 1 DVD |
| 336 ## - CONTENT TYPE | |
| Source | rdacontent |
| Content type term | text |
| Content type code | txt |
| 336 ## - CONTENT TYPE | |
| Source | rdacontent |
| Content type term | spoken word |
| Content type code | spw |
| 337 ## - MEDIA TYPE | |
| Source | rdamedia |
| Media type term | unmediated |
| Media type code | n |
| 337 ## - MEDIA TYPE | |
| Source | rdamedia |
| Media type term | video |
| Media type code | v |
| 338 ## - CARRIER TYPE | |
| Source | rdacarrier |
| Carrier type term | volume |
| Carrier type code | nc |
| 338 ## - CARRIER TYPE | |
| Source | rdacarrier |
| Carrier type term | computer disc |
| Carrier type code | cd |
| 500 ## - GENERAL NOTE | |
| General note | Accompanying DVD-ROM contains : all the logo images in zip files. |
| 538 ## - SYSTEM DETAILS NOTE | |
| System details note | System requirements for accompanying DVD-ROM: none given. |
| 650 #7 - SUBJECT ADDED ENTRY--TOPICAL TERM | |
| Topical term or geographic name as entry element | Logos (Symbols) |
| Source of heading or term | BUEsh |
| 653 ## - INDEX TERM--UNCONTROLLED | |
| Resource For college | Communication and mass media |
| Arrived date list | November2017 |
| 655 ## - INDEX TERM--GENRE/FORM | |
| Form subdivision | Reading book |
| 700 1# - ADDED ENTRY--PERSONAL NAME | |
| Personal name | Xia, Jiajia, |
| Relator term | editor. |
| 942 ## - ADDED ENTRY ELEMENTS (KOHA) | |
| Source of classification or shelving scheme | Dewey Decimal Classification |
| Koha item type | Book - Borrowing |
| Withdrawn status | Lost status | Source of classification or shelving scheme | Damaged status | Not for loan | Collection code | Home library | Current library | Shelving location | Date acquired | Source of acquisition | Cost, normal purchase price | Serial Enumeration / chronology | Total Checkouts | Total Renewals | Full call number | Barcode | Date last seen | Date checked out | Cost, replacement price | Price effective from | Koha item type |
|---|---|---|---|---|---|---|---|---|---|---|---|---|---|---|---|---|---|---|---|---|---|
| Dewey Decimal Classification | International Marketing Center | Central Library | Central Library | Second Floor | 26/11/2017 | Purchase | 370.00 | 002247 | 2 | 4 | 741.6 LOG | 000042567 | 20/10/2025 | 08/10/2025 | 462.50 | 26/11/2017 | Book - Borrowing | ||||
| Dewey Decimal Classification | International Marketing Center | Central Library | Central Library | Second Floor | 26/11/2017 | Purchase | 370.00 | 002247 | 741.6 LOG | 000042568 | 24/08/2022 | 462.50 | 26/11/2017 | CD | DVD - With book |